LEADER 01612nam 2200529Ia 450 001 9910450032703321 005 20200520144314.0 035 $a(CKB)1000000000006853 035 $a(OCoLC)70773542 035 $a(CaPaEBR)ebrary10020623 035 $a(SSID)ssj0000283658 035 $a(PQKBManifestationID)11236491 035 $a(PQKBTitleCode)TC0000283658 035 $a(PQKBWorkID)10249933 035 $a(PQKB)11777772 035 $a(MiAaPQ)EBC3111436 035 $a(Au-PeEL)EBL3111436 035 $a(CaPaEBR)ebr10020623 035 $a(OCoLC)927514727 035 $a(EXLCZ)991000000000006853 100 $a20010731d2002 uy 0 101 0 $aeng 135 $aurcn||||||||| 181 $ctxt 182 $cc 183 $acr 200 10$aResponsible tax credits for health insurance$b[electronic resource] /$fMark V. Pauly and John S. Hoff 210 $aWashington, D.C. $cAEI Press$d2002 215 $a1 online resource (61 p.) 300 $aBibliographic Level Mode of Issuance: Monograph 311 $a0-8447-7161-9 320 $aIncludes bibliographical references (p. 48-49). 606 $aTax credits$zUnited States 606 $aHealth insurance$zUnited States 608 $aElectronic books. 615 0$aTax credits 615 0$aHealth insurance 676 $a336.2/06 700 $aPauly$b Mark V.$f1941-$0758289 701 $aHoff$b John S$0860356 801 0$bMiAaPQ 801 1$bMiAaPQ 801 2$bMiAaPQ 906 $aBOOK 912 $a9910450032703321 996 $aResponsible tax credits for health insurance$91919677 997 $aUNINA